| 000 | 01085cad a22002295a 4500 | ||
|---|---|---|---|
| 001 | L153660 | ||
| 008 | 110815s2011 xxk f 000 0 eng d | ||
| 035 | _a(Sirsi) u153660 | ||
| 041 | 0 | _aeng | |
| 050 | 0 | 4 | _a346.41043 $2 18 |
| 110 | 2 |
_aUnited Kingdom _bLand Registry _94774 |
|
| 245 | 0 | 0 |
_aAdverse possession of registered land _h[electronic resource] |
| 260 |
_a[S.l] _bLand Registry _c2011 |
||
| 490 |
_aLand Registry Practice Guide _v(4) |
||
| 520 | _aExplains Land Registry?s approach to adverse possession applications in respect of registered land under Schedule 6 to the Land Registration Act 2002 Sched 6. Outlines the procedures for making such applications, and the options available to those served with notice. | ||
| 590 | _aKA | ||
| 650 | 2 | 4 | _aLAND REGISTRATION ACT 2002 |
| 651 | 4 |
_aEngland and Wales _y1543- |
|
| 690 | _aPROPERTY-PROPERTY ACQUISITION AND DISPOSAL-REGISTRATION OF TITLE TO PROPERTY-LAND REGISTRATION | ||
| 856 | 4 | 0 |
_uhttps://www1.landregistry.gov.uk/upload/documents/pg4.html _zView this document free of charge at www.landreg.gov.uk |
| 942 | _n0 | ||
| 999 |
_c112635 _d112635 |
||